まいまいまいごえん 楽曲 - Statistics

General Stats
  • This quiz has been taken 9 times
    5 since last reset
  • The average score is 4 of 19
Answer Stats
作詞・作曲・編曲 楽曲名 % Correct
かいりきベア 初音ミク カーニバルハッピー
100%
いよわ 可不 ぷらいまり
60%
Chinozo FloweR ベビーデーズ
40%
Chinozo 可不 マザーデイズ
40%
いよわ 初音ミク つづみぐさ
40%
柊キライ flower ファラウェア
20%
なきそ 歌愛ユキ みまま
20%
MIMI 可不 ポシェット
20%
アルセチカ・ざんぎ 初音ミク アルマニ
20%
¿?shimon flower ちそさま
20%
40mP 初音ミク ヒーローになりたくない
20%
Chinozo FloweR, KafU アワーオース
20%
家の裏でマンボウが死んでるP 初音ミク Cool Fool Scoops
20%
sui 初音ミク
0%
*Luna Kagamine Len ウルフ・ワルド
0%
aqu3ra 初音ミク&flower リトルハートダイアリー
0%
てにをは 可不 ノートリアス
0%
栗山夕璃 初音ミク まいごのみち
0%
*Luna VY1 Squads
0%
No matching quizzes found
Score Distribution
Percent of People with Each Score
Percentile by Number Answered
Your Score History
You have not taken this quiz since the last reset